<?xml version="1.0" encoding="UTF-8"?>
<record
    xmlns:xsi="http://www.w3.org/2001/XMLSchema-instance"
    xsi:schemaLocation="http://www.loc.gov/MARC21/slim http://www.loc.gov/standards/marcxml/schema/MARC21slim.xsd"
    xmlns="http://www.loc.gov/MARC21/slim">

  <leader>     nam a22     7a 4500</leader>
  <datafield tag="999" ind1=" " ind2=" ">
    <subfield code="c">7065</subfield>
    <subfield code="d">7065</subfield>
  </datafield>
  <controlfield tag="005">20190207014045.0</controlfield>
  <controlfield tag="008">190207b        xxu||||| |||| 00| 0 eng d</controlfield>
  <datafield tag="020" ind1=" " ind2=" ">
    <subfield code="a">9781524764463</subfield>
    <subfield code="b">paperback</subfield>
  </datafield>
  <datafield tag="040" ind1=" " ind2=" ">
    <subfield code="b">eng</subfield>
    <subfield code="c">APEC Schools Library</subfield>
    <subfield code="e">rda</subfield>
  </datafield>
  <datafield tag="082" ind1=" " ind2=" ">
    <subfield code="a">Fic</subfield>
    <subfield code="b">P153w 2012</subfield>
  </datafield>
  <datafield tag="100" ind1=" " ind2=" ">
    <subfield code="a">Palacio, R.J.</subfield>
  </datafield>
  <datafield tag="245" ind1=" " ind2=" ">
    <subfield code="a">Wonder / </subfield>
    <subfield code="c">R.J. Palacio</subfield>
  </datafield>
  <datafield tag="264" ind1=" " ind2=" ">
    <subfield code="a">New York : </subfield>
    <subfield code="b">Alfred A. Knopf, </subfield>
    <subfield code="c">&#xA9;2012.</subfield>
  </datafield>
  <datafield tag="300" ind1=" " ind2=" ">
    <subfield code="a">341 pages : </subfield>
    <subfield code="b">colored illustrations ; </subfield>
    <subfield code="c">22 cm.</subfield>
  </datafield>
  <datafield tag="336" ind1=" " ind2=" ">
    <subfield code="2">rdacontent</subfield>
    <subfield code="a">text</subfield>
  </datafield>
  <datafield tag="337" ind1=" " ind2=" ">
    <subfield code="2">rdamedia</subfield>
    <subfield code="a">unmediated</subfield>
  </datafield>
  <datafield tag="338" ind1=" " ind2=" ">
    <subfield code="2">rdacarrier</subfield>
    <subfield code="a">volume</subfield>
  </datafield>
  <datafield tag="942" ind1=" " ind2=" ">
    <subfield code="2">ddc</subfield>
    <subfield code="c">BK</subfield>
  </datafield>
  <datafield tag="952" ind1=" " ind2=" ">
    <subfield code="7">0</subfield>
    <subfield code="a">B11</subfield>
    <subfield code="b">B11</subfield>
    <subfield code="c">FIC</subfield>
    <subfield code="e">INSTI_FUND</subfield>
    <subfield code="o">Fic P153w 2012</subfield>
    <subfield code="p">B11-0000231</subfield>
    <subfield code="r">2019-02-07</subfield>
    <subfield code="w">2019-02-07</subfield>
    <subfield code="y">FIC</subfield>
  </datafield>
  <datafield tag="952" ind1=" " ind2=" ">
    <subfield code="7">0</subfield>
    <subfield code="a">B01</subfield>
    <subfield code="b">B01</subfield>
    <subfield code="c">FIC</subfield>
    <subfield code="e">Donation</subfield>
    <subfield code="o">Fic P153w 2012</subfield>
    <subfield code="p">B01-0000025D</subfield>
    <subfield code="r">2019-12-04</subfield>
    <subfield code="w">2019-12-04</subfield>
    <subfield code="y">FIC</subfield>
  </datafield>
</record>
